| 000 | 01071cam a2200313 a 4500 | ||
|---|---|---|---|
| 999 |
_c533641 _d533641 |
||
| 001 | 16740572 | ||
| 003 | OSt | ||
| 005 | 20200115113407.0 | ||
| 008 | 110419s2011 ii af b 001 0 eng | ||
| 010 | _a 2011321435 | ||
| 020 | _a9789350290392 | ||
| 025 | _aI-E-2011-321435; 63-09 | ||
| 037 | _bLibrary of Congress -- New Delhi Overseas Office | ||
| 038 | _aMSOHAIL | ||
| 040 |
_aDLC _cDLC _dDLC |
||
| 042 |
_alcode _apcc |
||
| 043 | _aa-pk--- | ||
| 050 | 0 | 0 |
_aDS382 _b.A37 2011 |
| 082 | _a954.91 | ||
| 100 | 1 |
_aAkbar, M. J. _927594 |
|
| 245 | 1 | 0 |
_aTinderbox : _bthe past and future of Pakistan / _cM.J. Akbar. |
| 260 |
_aNoida : _bHarperCollins Publishers India, a joint venture with the India Today Group, _c2011. |
||
| 300 |
_axvi, 343 p., [8] p. of plates : _bill. (some col.) ; _c24 cm. |
||
| 504 | _aIncludes bibliographical references (p. [336]-340) and index. | ||
| 650 | 0 |
_aPakistan _xHistory. _927595 |
|
| 906 |
_a7 _bcbc _corigode _d3 _encip _f20 _gy-gencatlg |
||
| 942 |
_2ddc _cBK |
||